Góp phần bảo tồn văn hóa người Bih Tây Nguyên

Wedi'i Gadw mewn:
Manylion Llyfryddiaeth
Prif Awdur: Lương Thanh Sơn
Fformat: Llyfr
Iaith:Vietnamese
Cyhoeddwyd: H. Thời đại 2011
Cyfres:ĐTTS ghi: Hội văn nghệ dân gian Việt Nam
Tagiau: Ychwanegu Tag
Dim Tagiau, Byddwch y cyntaf i dagio'r cofnod hwn!
Thư viện lưu trữ: Mạng thư viện Đại học Đà Nẵng
LEADER 00961nam a2200277 4500
001 000016107
003 12497
005 20120719100724.0
008 120719s2011 viesd
041 0 |a vie 
082 |a 398.209597  |b LƯ-S 
100 0 |a Lương Thanh Sơn 
245 0 |a Góp phần bảo tồn văn hóa người Bih Tây Nguyên  |c Lương Thanh Sơn 
260 |a H.  |b Thời đại  |c 2011 
300 |a 342 tr.  |c 21 cm. 
490 |a ĐTTS ghi: Hội văn nghệ dân gian Việt Nam 
OWN |a LSP 
AVA |a UDN50  |b LSP  |d 398.209597 LƯ-S  |e available  |t Error 5001 Not defined in file expand_doc_bib_avail.  |f 1  |g 0  |h N  |i 0  |k 1 
999 |a From the UDN01 
AVA |a UDN50  |b LSP  |d 398.209597 LƯ-S  |e available  |t Error 5001 Not defined in file expand_doc_bib_avail.  |f 1  |g 0  |h N  |i 0  |k 1 
TYP |a Monograph 
TYP |a Printed language 
980 |a Mạng thư viện Đại học Đà Nẵng